ABC of science (Record no. 4624)

MARC details
000 -LEADER
fixed length control field 00215nam a22000857a 4500
008 - FIXED-LENGTH DATA ELEMENTS--GENERAL INFORMATION
fixed length control field 161206b xxu||||| |||| 00| 0 eng d
100 ## - MAIN ENTRY--PERSONAL NAME
9 (RLIN) 1874
Personal name Jauhar. M
245 ## - TITLE STATEMENT
Title ABC of science
260 ## - PUBLICATION, DISTRIBUTION, ETC. (IMPRINT)
Place of publication, distribution, etc. New delhi
Name of publisher, distributor, etc. Holy faith
Date of publication, distribution, etc. 2006
Holdings
Withdrawn status Lost status Source of classification or shelving scheme Damaged status Koha normalized classification for sorting Not for loan Home library Current library Shelving location Date acquired Total Checkouts Full call number Barcode Date last seen Price effective from Koha item type
    Dewey Decimal Classification   500_000000000000000   Good Samaritan School Library Good Samaritan School Library Science 12/06/2016   500 JAU4362 12/06/2016 12/06/2016 BOOK
    Dewey Decimal Classification   500_000000000000000   Good Samaritan School Library Good Samaritan School Library Science 12/06/2016   500 JAU4363 12/06/2016 12/06/2016 BOOK

Powered by Koha